[Event "ITA-ch U12"]
[Site "Tarvisio"]
[Date "2023.07.08"]
[Round "8"]
[White "Bahnareanu, Gabriel"]
[Black "Nardoni, Matteo"]
[Result "0-1"]
[WhiteElo "1395"]
[BlackElo "1759"]
[PlyCount "82"]
[EventDate "2023.07.02"]
[EventType "swiss"]
[EventRounds "9"]
[EventCountry "ITA"]
[SourceTitle "EXT 2024"]
[Source "ChessBase"]
[SourceDate "2023.10.10"]
[SourceVersion "1"]
[SourceVersionDate "2023.10.10"]
[SourceQuality "1"]

1. e4 e5 2. Nf3 Nc6 3. Bc4 Bc5 4. c3 Nf6 5. d4 exd4 6. e5 d5 7. Bb5 Ne4 8. cxd4 Bb4+ 9. Nbd2 0-0 10. a3 Ba5 11. 0-0 Bd7 12. Bxc6 Bxc6 13. Re1 a6 14. b4 Bb6 15. Qc2 Qe7 16. Bb2 f6 17. Nxe4 dxe4 18. exf6 Rxf6 19. Ne5 Bd5 20. Re3 Raf8 21. Rf1 c6 22. Rg3 Bc7 23. Qe2 Rf4 24. Rh3 Bxe5 25. dxe5 Qf7 26. Rc3 b5 27. Rcc1 Bc4 28. Rxc4 Qxc4 29. Qxc4+ bxc4 30. Bc3 e3 31. f3 Rd8 32. Re1 Rd3 33. Bb2 c3 34. Bc1 c2 35. Kf1 Rd1 36. Ke2 Rxe1+ 37. Kxe1 Rd4 38. Bxe3 Rd1+ 39. Ke2 c1Q 40. Bxc1 Rxc1 41. Kd2 Ra1 0-1